[Event "RSA-ch U14 Girls"]
[Site "Bloemfontein"]
[Date "2016.03.24"]
[Round "9"]
[White "Oberholzer, Imarie"]
[Black "Moffat, Mathabo"]
[Result "1-0"]
[WhiteElo "1477"]
[BlackElo "1291"]
[PlyCount "69"]
[EventDate "2016.03.20"]
[EventType "swiss"]
[EventRounds "11"]
[EventCountry "RSA"]
[SourceTitle "CBM 171 Extra"]
[Source "ChessBase"]
[SourceDate "2016.04.26"]
[SourceVersion "1"]
[SourceVersionDate "2016.04.26"]
[SourceQuality "1"]

1. e4 e5 2. Nc3 Nf6 3. f4 d6 4. Nf3 Nc6 5. Bc4 h6 6. d3 Bd7 7. 0-0 Be7 8. f5 0-0 9. h3 Nh7 10. g4 Ng5 11. Bxg5 Bxg5 12. Qe1 Nd4 13. Nxd4 exd4 14. Nd5 Bc6 15. Nf4 Re8 16. Qf2 Qf6 17. Kg2 Bxf4 18. Qxf4 Qe5 19. Qxe5 Rxe5 20. h4 d5 21. exd5 Bxd5+ 22. Bxd5 Rxd5 23. Rae1 Kf8 24. Re4 Re8 25. Rfe1 Rxe4 26. Rxe4 f6 27. Kf3 Kf7 28. b4 a6 29. a3 b6 30. Re6 g6 31. Ke4 Rd7 32. h5 gxh5 33. gxh5 Rd8 34. a4 Rg8 35. Rc6 1-0

[Event "RSA-ch U14 Girls"]
[Site "Bloemfontein"]
[Date "2016.03.21"]
[Round "3"]
[White "Hartley, Charne"]
[Black "Moffat, Mathabo"]
[Result "0-1"]
[WhiteElo "1218"]
[BlackElo "1291"]
[PlyCount "118"]
[EventDate "2016.03.20"]
[EventType "swiss"]
[EventRounds "11"]
[EventCountry "RSA"]
[SourceTitle "CBM 171 Extra"]
[Source "ChessBase"]
[SourceDate "2016.04.26"]
[SourceVersion "1"]
[SourceVersionDate "2016.04.26"]
[SourceQuality "1"]

1. e4 e5 2. Nf3 Nc6 3. d4 d5 4. Nxe5 dxe4 5. Bb5 Bd7 6. Nxc6 Bxc6 7. Bxc6+ bxc6 8. Nc3 Nf6 9. Bg5 Bb4 10. Qd2 Qd6 11. Bxf6 Qxf6 12. 0-0-0 0-0 13. Kb1 Qe7 14. Qe3 Rfe8 15. Rhe1 Qd7 16. Re2 Bxc3 17. Qxc3 Rad8 18. Qc5 Qd5 19. Qa3 a5 20. b3 Re5 21. c4 Qd7 22. f4 Qg4 23. Rde1 Ree8 24. Qxa5 Qxf4 25. Qd2 Qxd2 26. Rxd2 c5 27. d5 c6 28. a4 cxd5 29. Rxd5 Rxd5 30. cxd5 f5 31. Kc2 Kf7 32. Kc3 Ke7 33. h3 Kd6 34. Kc4 Re5 35. a5 Rxd5 36. a6 Kc6 37. a7 Rd8 38. Ra1 Ra8 39. h4 Kb7 40. Kxc5 Rxa7 41. Rxa7+ Kxa7 42. Kd4 Kb6 43. g4 g6 44. h5 Kb5 45. hxg6 hxg6 46. gxf5 gxf5 47. Ke3 Kb4 48. Kf4 Kxb3 49. Ke3 Kc4 50. Kf4 Kd3 51. Kxf5 e3 52. Kf4 e2 53. Ke5 e1Q+ 54. Kd5 Qe4+ 55. Kd6 Kc4 56. Kc7 Kc5 57. Kd7 Qe5 58. Kd8 Kc6 59. Kc8 Qe8# 0-1

[Event "RSA-ch U14 Girls"]
[Site "Bloemfontein"]
[Date "2016.03.21"]
[Round "2"]
[White "Michaels, Carla Jesse"]
[Black "Moffat, Mathabo"]
[Result "0-1"]
[WhiteElo "1069"]
[BlackElo "1291"]
[PlyCount "103"]
[EventDate "2016.03.20"]
[EventType "swiss"]
[EventRounds "11"]
[EventCountry "RSA"]
[SourceTitle "CBM 171 Extra"]
[Source "ChessBase"]
[SourceDate "2016.04.26"]
[SourceVersion "1"]
[SourceVersionDate "2016.04.26"]
[SourceQuality "1"]

1. e4 e5 2. Nf3 Nc6 3. Bc4 Bc5 4. Nc3 Nf6 5. d3 h6 6. 0-0 0-0 7. h3 d6 8. Bd2 Ne7 9. Qc1 Kh7 10. Be3 Nd7 11. Qd2 c6 12. Bxc5 Nxc5 13. Qe3 Ng6 14. Rfd1 Qf6 15. Ne2 Na4 16. Rab1 Nb6 17. Ng3 Nf4 18. a3 d5 19. exd5 cxd5 20. Bb5 Bd7 21. Bxd7 Nxd7 22. Re1 Rfe8 23. Qd2 Nxh3+ 24. Kh2 Nf4 25. Rh1 e4 26. dxe4 dxe4 27. Qxd7 exf3 28. gxf3 Re7 29. Qf5+ Qxf5 30. Nxf5 Re2 31. Kg3 Ng6 32. Rbd1 Ne7 33. Nxe7 Rxe7 34. c4 b6 35. Rd3 Re2 36. a4 Rae8 37. Rd7 R8e7 38. Rhd1 a6 39. R7d6 R2e6 40. Rxe6 Rxe6 41. Rd4 h5 42. Re4 g5 43. Rxe6 fxe6 44. b4 Kg6 45. c5 bxc5 46. bxc5 Kf6 47. c6 Ke7 48. f4 gxf4+ 49. Kxf4 Kd6 50. Kg5 Kxc6 51. Kxh5 Kd6 52. f4 0-1